| 000 | 00810nam a22002537a 4500 | ||
|---|---|---|---|
| 999 |
_c3693 _d3693 |
||
| 003 | OSt | ||
| 005 | 20240815103524.0 | ||
| 008 | 240815b ||||| |||| 00| 0 eng d | ||
| 020 | _a9781789084764 | ||
| 040 | _cKH8 | ||
| 082 | _a500 GAN | ||
| 100 |
_aGannon, Paddy, _eauthor. |
||
| 245 |
_aCambridge International GCSE Chemistry : _bComplete Revision & Practice / _cPaddy Gannon. |
||
| 260 |
_aUnited Kingdom ; _bCoordination Group Publications , _c2020. |
||
| 300 |
_a236 pages: _bcolor illustrations ; _c21 cm. |
||
| 500 | _aIncludes index | ||
| 650 |
_aChemistry _vCoursebook |
||
| 650 |
_aChemistry _vRevision & Practice book |
||
| 700 |
_aFalkner, Mary, _eeditor. |
||
| 700 |
_aForsberg, Emily, _eeditor. |
||
| 700 |
_aHayman, Rob, _eeditor. |
||
| 700 |
_aPattison, Sarah, _eeditor. |
||
| 942 |
_2ddc _cTR |
||